K otázkam tvorby a plánovania akumulačných zdrojov v poľnohospodárstve

Podrobná bibliografia
Hlavný autor: Ambroš, Pavol, 1935-1990 (Autor)
Médium: Článok
Jazyk:slovenčina
Fyzický popis:Tb. 4. Res. rus.
Predmet:

MARC

LEADER 00000nab a2200000 a 4500
001 vtls000319505
003 SK-MaSNL
005 20260304204540.0
008 230217c1978 xo 0 slo
015 |a SNBRB19rr/mm-uuuuu 
035 |a CL0009597 
035 |a urn:nbn:sk:snk-ab2g2f 
035 |a (urnnbn)urn:nbn:sk:snk:ar-a02doh 
035 |a (uuid)14f40c7d-e7fa-4961-8c2e-fdb8d3bae12b 
040 |a SNKBUCL  |b slo  |c SNKBUCL  |e AACR2 
041 0 |a slo 
044 |a xo  |c SK 
080 |a 631.1  |2 1981 
080 |a 338.4  |2 1981 
100 1 |a Ambroš, Pavol,  |d 1935-1990  |4 aut  |9 42429 
245 1 0 |a K otázkam tvorby a plánovania akumulačných zdrojov v poľnohospodárstve  |c Pavol Ambroš 
300 |b Tb. 4. Res. rus. 
650 0 7 |a poľnohospodárske podniky  |2 SNKPH  |9 4194 
650 0 7 |a výroba  |2 SNKPH  |9 15916 
650 0 7 |a akumulácia kapitálu  |2 SNKPH  |9 124180 
650 0 7 |a reprodukcia (ekonómia)  |2 SNKPH  |9 161121 
655 7 |a články z novín a časopisov  |2 SNK  |9 267496 
773 0 |t Ekonomické rozhľady  |g Roč. 11, č. 1 (1978), s. 46-63 
850 |a Slovenská národná knižnica v Martine  |a MTA001 
852 |a SNK  |b KIS3GCP 
954 |a odborná, vedecká literatúra pôvodná (slovenská)  |2 lita 
958 |a RK 
958 |a OND 
958 |a EUIPO 
958 |a article27 
992 |a RBX 
999 |c 3116709  |d 3118639